| 000 | 00621nam a22001937a 4500 | ||
|---|---|---|---|
| 003 | OSt | ||
| 005 | 20260703131410.0 | ||
| 008 | 260703b |||||||| |||| 00| 0 eng d | ||
| 020 | _a 0871234408 | ||
| 040 | _cChuka University Library | ||
| 050 | _aML 3534 .P4 1984 | ||
| 100 |
_aPeters Steve _932969 |
||
| 245 | _aWhy knock rock | ||
| 260 |
_aMinneapolis _bBethany house publishers _c1984 |
||
| 300 |
_a265 pp _bIllustrations preface and inbox |
||
| 650 |
_aRock music--religious aspects--christianity--juvenile literature _932970 |
||
| 650 |
_aRock music--religious aspects--christianity _932971 |
||
| 942 |
_2lcc _cBK _n0 |
||
| 999 |
_c26098 _d26098 |
||